[Event "Titled Tuesday intern op 04th Feb Late"]
[Site "Chess.com INT"]
[Date "2025.02.04"]
[Round "2"]
[White "Rodgers, Jack"]
[Black "Rudnicki, Milosz"]
[Result "1-0"]
[WhiteElo "2169"]
[BlackElo "2163"]
[PlyCount "77"]
[EventDate "2025.02.04"]
[EventType "swiss (blitz)"]
[EventRounds "11"]
[EventCountry "USA"]
[SourceTitle "CB07_2025"]
[SourceDate "2025.02.12"]
[SourceVersion "1"]
[SourceVersionDate "2025.02.12"]
[SourceQuality "1"]

1. d4 d5 2. Bg5 g6 3. e3 Bg7 4. Nc3 Nf6 5. h4 h5 6. Nf3 0-0 7. Be2 Bg4 8. Ne5 Bxe2 9. Qxe2 Nbd7 10. Nd3 b6 11. f3 c5 12. g4 c4 13. Nf4 Qc7 14. Nfxd5 Qg3+ 15. Qf2 Qxf2+ 16. Kxf2 Nxd5 17. Nxd5 e6 18. Nc3 e5 19. dxe5 hxg4 20. fxg4 Nxe5 21. Kg3 Rfe8 22. Rad1 f6 23. Bf4 Rad8 24. Bxe5 Rxd1 25. Rxd1 Rxe5 26. e4 f5 27. gxf5 gxf5 28. exf5 Rxf5 29. Rd8+ Kh7 30. Rd7 a5 31. Ne4 Kh6 32. Kg4 Re5 33. Rd6+ Kh7 34. Ng5+ Rxg5+ 35. hxg5 b5 36. b3 cxb3 37. cxb3 a4 38. bxa4 bxa4 39. Ra6 1-0

[Event "Titled Tuesday intern op 04th Feb Early"]
[Site "Chess.com INT"]
[Date "2025.02.04"]
[Round "6"]
[White "Rudnicki, Milosz"]
[Black "Emeliantsev, Anatoliy"]
[Result "0-1"]
[WhiteElo "2163"]
[BlackElo "2359"]
[PlyCount "50"]
[EventDate "2025.02.04"]
[EventType "swiss (blitz)"]
[EventRounds "11"]
[EventCountry "USA"]
[SourceTitle "CB07_2025"]
[SourceDate "2025.02.12"]
[SourceVersion "1"]
[SourceVersionDate "2025.02.12"]
[SourceQuality "1"]

1. d4 Nf6 2. c4 g6 3. Nc3 Bg7 4. e4 d6 5. Be2 0-0 6. Nf3 e5 7. 0-0 Nc6 8. d5 Ne7 9. Ne1 c5 10. dxc6 bxc6 11. Be3 Be6 12. Qa4 d5 13. cxd5 cxd5 14. exd5 Nfxd5 15. Nxd5 Nxd5 16. Bc5 Nb6 17. Qa5 Nd7 18. Bxf8 Qxa5 19. Ba3 Nb6 20. Nc2 Bc4 21. Bb4 Qb5 22. a4 Nxa4 23. Bxc4 Qxc4 24. Rxa4 Qxc2 25. Ra2 Qb3 0-1

[Event "Titled Tuesday intern op 04th Feb Early"]
[Site "Chess.com INT"]
[Date "2025.02.04"]
[Round "4"]
[White "Rudnicki, Milosz"]
[Black "Skytte, Rasmus"]
[Result "1/2-1/2"]
[WhiteElo "2163"]
[BlackElo "2335"]
[PlyCount "74"]
[EventDate "2025.02.04"]
[EventType "swiss (blitz)"]
[EventRounds "11"]
[EventCountry "USA"]
[SourceTitle "CB07_2025"]
[SourceDate "2025.02.12"]
[SourceVersion "1"]
[SourceVersionDate "2025.02.12"]
[SourceQuality "1"]

1. d4 d5 2. c4 e6 3. Nf3 Nf6 4. Nc3 Be7 5. Bf4 0-0 6. e3 a6 7. c5 Nbd7 8. Bd3 c6 9. h3 h6 10. 0-0 Re8 11. Re1 b6 12. b4 b5 13. a4 Bb7 14. axb5 axb5 15. Rxa8 Qxa8 16. Qa1 Qxa1 17. Rxa1 Ra8 18. Rxa8+ Bxa8 19. e4 dxe4 20. Nxe4 Nxe4 21. Bxe4 Nf6 22. Nd2 g5 23. Be5 Nxe4 24. Nxe4 Bb7 25. Bd6 Bd8 26. g4 f5 27. Ng3 fxg4 28. hxg4 Bf6 29. Be5 Be7 30. Kg2 Kf7 31. Kf3 Kg6 32. Ke4 Bc8 33. Nh5 Bd7 34. Ng7 Bf8 35. Nh5 Be7 36. Ng7 Bf8 37. Nh5 Be7 1/2-1/2

[Event "Titled Tuesday intern op 04th Feb Late"]
[Site "Chess.com INT"]
[Date "2025.02.04"]
[Round "4"]
[White "Rudnicki, Milosz"]
[Black "Yahi, Mohamed Salem"]
[Result "1-0"]
[WhiteElo "2163"]
[BlackElo "1839"]
[PlyCount "169"]
[EventDate "2025.02.04"]
[EventType "swiss (blitz)"]
[EventRounds "11"]
[EventCountry "USA"]
[SourceTitle "CB07_2025"]
[SourceDate "2025.02.12"]
[SourceVersion "1"]
[SourceVersionDate "2025.02.12"]
[SourceQuality "1"]

1. d4 d6 2. c4 Nf6 3. Nc3 g6 4. e4 Bg7 5. Be2 0-0 6. Nf3 Bg4 7. 0-0 Nc6 8. d5 Bxf3 9. Bxf3 Ne5 10. Be2 c5 11. h3 a6 12. a4 e6 13. f4 Ned7 14. Bf3 exd5 15. cxd5 Re8 16. Re1 Rb8 17. a5 b5 18. axb6 Qxb6 19. Qa4 c4+ 20. Kh1 Nc5 21. Qc6 Nd3 22. Qxb6 Rxb6 23. Re2 Nxc1 24. Rxc1 Reb8 25. Rcc2 Nd7 26. Na4 Rb4 27. Nc3 Bxc3 28. bxc3 Rb1+ 29. Kh2 Nc5 30. Ra2 Rc1 31. Rec2 Rbb1 32. Rxc1 Rxc1 33. Ra3 h5 34. h4 Kf8 35. e5 Ke7 36. Kg3 f5 37. Kf2 Rc2+ 38. Ke3 Rc1 39. Kd4 Nd3 40. Kxc4 Nxf4 41. e6 Rc2 42. Rxa6 Nxg2 43. Ra7+ Ke8 44. Ra6 Ke7 45. Ra7+ Ke8 46. Rd7 Rf2 47. Bxg2 Rxg2 48. Rxd6 f4 49. Ra6 f3 50. d6 Kf8 51. d7 Ke7 52. Ra8 f2 53. d8Q+ Kxe6 54. Ra1 Rg4+ 55. Kd3 Rf4 56. Rf1 Kf5 57. Qf8+ Kg4 58. Qc8+ Kxh4 59. Qc6 g5 60. Qg2 g4 61. Rh1+ Kg5 62. Rf1 h4 63. Rxf2 Rxf2 64. Qxf2 g3 65. Qg2 Kg4 66. Qe4+ Kh3 67. Qf5+ Kh2 68. Ke3 g2 69. Qf4+ Kh1 70. Qxh4+ Kg1 71. Qg4 Kh2 72. Qxg2+ Kxg2 73. c4 Kg3 74. c5 Kg4 75. c6 Kf5 76. c7 Ke6 77. c8Q+ Kd6 78. Qd8+ Ke5 79. Qg5+ Ke6 80. Kd4 Kf7 81. Qh6 Kg8 82. Ke5 Kf7 83. Qh7+ Kf8 84. Ke6 Ke8 85. Qh8# 1-0

[Event "Titled Tuesday intern op 28th Jan Early"]
[Site "Chess.com INT"]
[Date "2025.01.28"]
[Round "8"]
[White "Rudnicki, Milosz"]
[Black "Mirza, Diana"]
[Result "1/2-1/2"]
[WhiteElo "2163"]
[BlackElo "1965"]
[PlyCount "137"]
[EventDate "2025.01.28"]
[EventType "swiss (blitz)"]
[EventRounds "11"]
[EventCountry "USA"]
[SourceTitle "CB06_2025"]
[SourceDate "2025.02.05"]
[SourceVersion "1"]
[SourceVersionDate "2025.02.05"]
[SourceQuality "1"]

1. d4 Nf6 2. c4 c5 3. d5 b5 4. cxb5 a6 5. bxa6 g6 6. Nc3 Bg7 7. Nf3 Bxa6 8. e4 Bxf1 9. Kxf1 d6 10. g3 0-0 11. Kg2 Nbd7 12. Re1 Qc7 13. Nb5 Qb6 14. a4 Rfb8 15. Ra3 c4 16. Be3 Nc5 17. Qc2 Nfxe4 18. Qxe4 Nxe4 19. Bxb6 Bxb2 20. Ra2 Rxb6 21. Rxb2 Nc3 22. Rb4 Rxa4 23. Rxa4 Nxa4 24. Na3 c3 25. Nd4 Rb4 26. Nac2 Rb7 27. Ra1 Nb2 28. Ra3 Nd1 29. Kf1 Rb1 30. Ke2 Kg7 31. Ra1 Rxa1 32. Nxa1 Nb2 33. Nac2 Kf6 34. f4 e5 35. fxe5+ Kxe5 36. Nb5 Kxd5 37. Nxc3+ Kc4 38. Ne4 d5 39. Nf6 d4 40. Ne1 d3+ 41. Kd2 Na4 42. Nxh7 Nc5 43. Ng5 f6 44. Ngf3 Ne4+ 45. Ke3 Kc3 46. Nxd3 f5 47. Nde5 g5 48. g4 Nf6 49. gxf5 Kb4 50. Nxg5 Kc5 51. Kf4 Kd5 52. Nef7 Kc6 53. Ne6 Kd7 54. Nd4 Ke7 55. Ne5 Nd5+ 56. Ke4 Nc7 57. Ng4 Kf7 58. Ne6 Ne8 59. Kf4 Nd6 60. Kg5 Ne4+ 61. Kf4 Nd6 62. h4 Ke7 63. h5 Nf7 64. h6 Nh8 65. Kg5 Kf7 66. Nf4 Kg8 67. Ng6 Nf7+ 68. Kf6 Kh7 69. Kxf7 1/2-1/2

[Event "Titled Tuesday intern op 28th Jan Early"]
[Site "Chess.com INT"]
[Date "2025.01.28"]
[Round "7"]
[White "Yonal, Timur"]
[Black "Rudnicki, Milosz"]
[Result "1-0"]
[WhiteElo "2194"]
[BlackElo "2163"]
[PlyCount "55"]
[EventDate "2025.01.28"]
[EventType "swiss (blitz)"]
[EventRounds "11"]
[EventCountry "USA"]
[SourceTitle "CB06_2025"]
[SourceDate "2025.02.05"]
[SourceVersion "1"]
[SourceVersionDate "2025.02.05"]
[SourceQuality "1"]

1. e4 c5 2. Nf3 d6 3. d4 cxd4 4. Nxd4 Nf6 5. Nc3 Nc6 6. Bg5 Bd7 7. Qd2 a6 8. 0-0-0 e6 9. f3 Be7 10. g4 h6 11. Be3 h5 12. g5 Nh7 13. g6 fxg6 14. Bh3 Nxd4 15. Qxd4 Nf6 16. Rhg1 Kf7 17. Qd2 b5 18. Kb1 b4 19. Ne2 e5 20. Bxd7 Qxd7 21. f4 Ng4 22. h3 Nxe3 23. Qxe3 Bf6 24. fxe5 Bxe5 25. Nf4 Rac8 26. Qb3+ Ke8 27. Nxg6 Rh6 28. Qg8# 1-0

[Event "Titled Tuesday intern op 21st Jan Late"]
[Site "Chess.com INT"]
[Date "2025.01.21"]
[Round "7"]
[White "Dmitriev, Sergey"]
[Black "Rudnicki, Milosz"]
[Result "0-1"]
[WhiteElo "2312"]
[BlackElo "2163"]
[PlyCount "44"]
[EventDate "2025.01.21"]
[EventType "swiss (blitz)"]
[EventRounds "11"]
[EventCountry "USA"]
[SourceTitle "CB05_2025"]
[SourceDate "2025.01.29"]
[SourceVersion "1"]
[SourceVersionDate "2025.01.29"]
[SourceQuality "1"]

1. e4 e6 2. Nf3 d5 3. exd5 exd5 4. d4 Bd6 5. Bd3 Nc6 6. 0-0 Nge7 7. Bg5 f6 8. Be3 Bg4 9. c3 Qd7 10. Nbd2 0-0-0 11. Qc2 Kb8 12. b4 Ng6 13. h3 Be6 14. b5 Nce7 15. Nb3 Bxh3 16. gxh3 Qxh3 17. Rfe1 Qxf3 18. Be2 Qh3 19. Nc5 Bh2+ 20. Kh1 Bg3+ 21. Kg1 Qh2+ 22. Kf1 Qh1# 0-1

[Event "Titled Tuesday intern op 21st Jan Late"]
[Site "Chess.com INT"]
[Date "2025.01.21"]
[Round "2"]
[White "Gasparyan, Davit"]
[Black "Rudnicki, Milosz"]
[Result "1-0"]
[WhiteElo "2263"]
[BlackElo "2163"]
[PlyCount "53"]
[EventDate "2025.01.21"]
[EventType "swiss (blitz)"]
[EventRounds "11"]
[EventCountry "USA"]
[SourceTitle "CB05_2025"]
[SourceDate "2025.01.29"]
[SourceVersion "1"]
[SourceVersionDate "2025.01.29"]
[SourceQuality "1"]

1. e4 e6 2. d4 d5 3. Bd3 Nf6 4. e5 Nfd7 5. Ne2 c5 6. c3 Nc6 7. a3 Qb6 8. b4 cxd4 9. cxd4 a5 10. Qa4 Ra7 11. b5 Ncb8 12. Nbc3 f6 13. f4 Be7 14. Qc2 a4 15. Nxa4 Qa5+ 16. Bd2 Qxa4 17. Qxc8+ Bd8 18. f5 0-0 19. fxe6 Nb6 20. Qc5 fxe5 21. Bb4 Re8 22. 0-0 Be7 23. Qc7 e4 24. Bxe7 exd3 25. Bc5 dxe2 26. Qf7+ Kh8 27. Qxe8# 1-0

[Event "Titled Tuesday intern op 21st Jan Late"]
[Site "Chess.com INT"]
[Date "2025.01.21"]
[Round "11"]
[White "Rudnicki, Milosz"]
[Black "Akhayan, Ruben"]
[Result "1-0"]
[WhiteElo "2163"]
[BlackElo "2255"]
[PlyCount "51"]
[EventDate "2025.01.21"]
[EventType "swiss (blitz)"]
[EventRounds "11"]
[EventCountry "USA"]
[SourceTitle "CB05_2025"]
[SourceDate "2025.01.29"]
[SourceVersion "1"]
[SourceVersionDate "2025.01.29"]
[SourceQuality "1"]

1. d4 Nf6 2. c4 e6 3. Nf3 d5 4. Nc3 Be7 5. Bf4 0-0 6. e3 c5 7. dxc5 Bxc5 8. Qc2 Qa5 9. a3 Nc6 10. Be2 Ne4 11. 0-0 Nxc3 12. bxc3 dxc4 13. Bxc4 b5 14. Bd3 h6 15. a4 b4 16. Bb5 Bb7 17. cxb4 Bxb4 18. Bxc6 Rac8 19. Ne5 f6 20. Qb3 Bxc6 21. Qxe6+ Kh7 22. Nxc6 Qb6 23. Qf5+ Kh8 24. Nd4 Rc5 25. Qg6 Qb7 26. Nf5 1-0

[Event "Titled Tuesday intern op 14th Jan Early"]
[Site "Chess.com INT"]
[Date "2025.01.14"]
[Round "2"]
[White "Korneev, Svyatoslav"]
[Black "Rudnicki, Milosz"]
[Result "1-0"]
[WhiteElo "2187"]
[BlackElo "2163"]
[PlyCount "139"]
[EventDate "2025.01.14"]
[EventType "swiss (blitz)"]
[EventRounds "11"]
[EventCountry "USA"]
[SourceTitle "CB04_2025"]
[SourceDate "2025.01.22"]
[SourceVersion "1"]
[SourceVersionDate "2025.01.22"]
[SourceQuality "1"]

1. Nf3 d5 2. d3 Nf6 3. Nbd2 c6 4. g3 Nbd7 5. Bg2 e5 6. 0-0 Bd6 7. c4 0-0 8. Rb1 a5 9. cxd5 cxd5 10. e4 d4 11. Nc4 Bc7 12. a4 Re8 13. b3 Nb6 14. Ba3 Nxc4 15. bxc4 Bd6 16. Qb3 Qe7 17. Bxd6 Qxd6 18. Qb6 Qxb6 19. Rxb6 Nd7 20. Rb5 f6 21. Ra1 Kf7 22. Bh3 Ke7 23. Bxd7 Kxd7 24. Nd2 Kc7 25. Nb3 b6 26. c5 Rb8 27. cxb6+ Rxb6 28. Rc1+ Kb7 29. Nc5+ Ka7 30. Rxa5+ Kb8 31. Rb5 Ka7 32. Rcb1 Rxb5 33. Rxb5 Re7 34. Kf1 Rc7 35. Ke2 Rc6 36. Kd2 Rb6 37. Ra5+ Kb8 38. Kc2 h5 39. h4 Rc6 40. Kb3 Rb6+ 41. Rb5 Ka7 42. Kb4 Rc6 43. Ra5+ Kb8 44. Rb5+ Ka7 45. a5 Rc7 46. Rb6 Bg4 47. Rd6 Bc8 48. Rd8 Bg4 49. Kc4 Bc8 50. Kd5 Bg4 51. Kd6 Rf7 52. Re8 g5 53. Re7+ Rxe7 54. Kxe7 gxh4 55. gxh4 f5 56. exf5 Bxf5 57. Kd6 e4 58. dxe4 d3 59. Nxd3 Bxe4 60. Nc5 Bf3 61. Ke5 Kb8 62. Kf4 Bg4 63. Kg5 Bf3 64. Ne6 Kb7 65. Nf4 Ka6 66. Nxh5 Kxa5 67. Ng3 Kb6 68. h5 Kc7 69. h6 Be2 70. h7 1-0

[Event "Titled Tuesday intern op 14th Jan Early"]
[Site "Chess.com INT"]
[Date "2025.01.14"]
[Round "3"]
[White "Rudnicki, Milosz"]
[Black "Levitan, Caleb Levi"]
[Result "0-1"]
[WhiteElo "2163"]
[BlackElo "2293"]
[PlyCount "88"]
[EventDate "2025.01.14"]
[EventType "swiss (blitz)"]
[EventRounds "11"]
[EventCountry "USA"]
[SourceTitle "CB04_2025"]
[SourceDate "2025.01.22"]
[SourceVersion "1"]
[SourceVersionDate "2025.01.22"]
[SourceQuality "1"]

1. d4 d5 2. c4 e6 3. Nc3 a6 4. c5 b6 5. cxb6 cxb6 6. Bf4 Bd6 7. Bxd6 Qxd6 8. Nf3 Nd7 9. e3 Ngf6 10. Be2 0-0 11. 0-0 b5 12. Rc1 Bb7 13. a3 b4 14. axb4 Qxb4 15. Rc2 Rac8 16. Qd2 Nb6 17. Ne5 a5 18. h3 Nc4 19. Bxc4 dxc4 20. Ra1 Qb6 21. Na4 Qd6 22. Qxa5 Ra8 23. Qe1 Qd5 24. f3 Qb5 25. Nc3 Qb3 26. Rxa8 Rxa8 27. Qc1 h5 28. h4 Ra1 29. Qxa1 Qxc2 30. Nxc4 Qd3 31. Qf1 Qg6 32. Ne5 Qc2 33. Qe2 Qc1+ 34. Kh2 g6 35. Nd1 Bd5 36. b4 Qc7 37. b5 Nd7 38. Qb2 f6 39. b6 Nxb6 40. f4 fxe5 41. fxe5 Nc4 42. Qf2 Kg7 43. Nc3 Qf7 44. Qe1 Qf5 0-1

[Event "Titled Tuesday intern op 14th Jan Early"]
[Site "Chess.com INT"]
[Date "2025.01.14"]
[Round "1"]
[White "Shukhman, Anna"]
[Black "Rudnicki, Milosz"]
[Result "1/2-1/2"]
[WhiteElo "2365"]
[BlackElo "2163"]
[PlyCount "136"]
[EventDate "2025.01.14"]
[EventType "swiss (blitz)"]
[EventRounds "11"]
[EventCountry "USA"]
[SourceTitle "CB04_2025"]
[SourceDate "2025.01.22"]
[SourceVersion "1"]
[SourceVersionDate "2025.01.22"]
[SourceQuality "1"]

1. e4 e6 2. d4 d5 3. Nc3 Nf6 4. e5 Nfd7 5. f4 c5 6. Nf3 Nc6 7. Be3 Be7 8. Qd2 0-0 9. dxc5 Bxc5 10. 0-0-0 a6 11. Nd4 Nxd4 12. Bxd4 Bxd4 13. Qxd4 Qb6 14. Qxb6 Nxb6 15. Ne2 Bd7 16. Nd4 Rac8 17. Bd3 Na4 18. h4 Nc5 19. Kd2 h5 20. Rhg1 Rc7 21. g4 hxg4 22. Rxg4 f6 23. Rdg1 Bc8 24. h5 fxe5 25. fxe5 Rf2+ 26. Ke3 Nxd3 27. cxd3 Rh2 28. Rg5 Kh7 29. R1g2 Rxg2 30. Rxg2 Kh6 31. Rh2 Rf7 32. Rc2 Rf8 33. Rc7 Rg8 34. Re7 Kxh5 35. Nxe6 Bxe6 36. Rxe6 g5 37. Re7 b5 38. Kf3 g4+ 39. Kg3 Kg5 40. Rf7 Re8 41. d4 Re6 42. Rg7+ Kf5 43. Rxg4 a5 44. Rg8 a4 45. Rb8 Ke4 46. Rxb5 a3 47. bxa3 Kxd4 48. a4 Kxe5 49. a5 Ra6 50. Kf3 Kd4 51. Ke2 Kc4 52. a4 d4 53. Kd2 d3 54. Rh5 Kb4 55. Rh4+ Kxa5 56. Kxd3 Rb6 57. Kc3 Rc6+ 58. Kb3 Rb6+ 59. Ka3 Rb7 60. Rh5+ Ka6 61. Rh6+ Rb6 62. Rh8 Rb7 63. Ra8+ Ra7 64. Rc8 Rb7 65. Rc5 Rb6 66. Rh5 Rb7 67. Rh6+ Rb6 68. Rh5 Rb7 1/2-1/2

[Event "Titled Tuesday intern op 25th Jul Late"]
[Site "Chess.com INT"]
[Date "2023.07.25"]
[Round "7"]
[White "Curtis, John"]
[Black "Rudnicki, Milosz"]
[Result "0-1"]
[WhiteElo "2292"]
[BlackElo "2163"]
[PlyCount "102"]
[EventDate "2023.07.25"]
[EventType "swiss (blitz)"]
[EventRounds "11"]
[EventCountry "USA"]
[SourceTitle "EXT 2024"]
[Source "ChessBase"]
[SourceDate "2023.10.10"]
[SourceVersion "1"]
[SourceVersionDate "2023.10.10"]
[SourceQuality "1"]

1. e4 c5 2. Nf3 Nc6 3. d4 cxd4 4. Nxd4 g6 5. Nc3 Bg7 6. Be3 Nf6 7. Be2 0-0 8. 0-0 d5 9. exd5 Nxd5 10. Nxd5 Nxd4 11. Bxd4 Qxd5 12. Bxg7 Qxd1 13. Raxd1 Kxg7 14. Bf3 Rb8 15. c4 Be6 16. Bd5 Bxd5 17. Rxd5 Rfc8 18. b3 Rc7 19. Rfd1 Rbc8 20. Kf1 Kf6 21. Ke2 a6 22. R1d4 Rc6 23. Rf4+ Kg7 24. Rfd4 Re6+ 25. Kd2 Rcc6 26. c5 h5 27. b4 b6 28. cxb6 Rxb6 29. Rc5 Red6 30. Rxd6 Rxd6+ 31. Kc3 Kf6 32. Ra5 Ke6 33. a4 Kd7 34. b5 axb5 35. Rxb5 Kc6 36. Rb4 Re6 37. Rf4 f5 38. Rf3 Kb6 39. Re3 Rxe3+ 40. fxe3 Kc5 41. a5 e5 42. a6 Kb6 43. Kc4 Kxa6 44. Kd5 e4 45. Ke5 Kb5 46. h3 Kc4 47. g4 hxg4 48. hxg4 Kd3 49. gxf5 gxf5 50. Kf4 Ke2 51. Kxf5 Kxe3 0-1

[Event "Titled Tuesday intern op 25th Jul Late"]
[Site "Chess.com INT"]
[Date "2023.07.25"]
[Round "4"]
[White "Golubev, Mikhail"]
[Black "Rudnicki, Milosz"]
[Result "1-0"]
[WhiteElo "2461"]
[BlackElo "2163"]
[PlyCount "89"]
[EventDate "2023.07.25"]
[EventType "swiss (blitz)"]
[EventRounds "11"]
[EventCountry "USA"]
[SourceTitle "EXT 2024"]
[Source "ChessBase"]
[SourceDate "2023.10.10"]
[SourceVersion "1"]
[SourceVersionDate "2023.10.10"]
[SourceQuality "1"]

1. e4 c5 2. Ne2 Nc6 3. Nbc3 g6 4. d4 cxd4 5. Nxd4 Bg7 6. Be3 Nf6 7. Nxc6 bxc6 8. e5 Ng8 9. Bd4 f6 10. f4 Nh6 11. exf6 Bxf6 12. Ne4 Bxd4 13. Qxd4 0-0 14. 0-0-0 Nf5 15. Qe5 d5 16. Nc3 Qd6 17. Bd3 Rb8 18. Qxd6 Nxd6 19. g3 Bf5 20. Rhe1 Rf7 21. b3 Bxd3 22. Rxd3 Re8 23. Rd2 Kg7 24. Rde2 Kf6 25. Re6+ Kf5 26. h3 Ne4 27. Re5+ Kf6 28. Nxe4+ dxe4 29. R1xe4 e6 30. Rc5 Rc7 31. Rec4 Rd8 32. Rxc6 Rcd7 33. Re4 Rd2 34. Rexe6+ Kg7 35. Kb2 Rg2 36. Re3 Kh6 37. g4 Rd7 38. Rc4 Kg7 39. a4 Rf2 40. b4 Rb7 41. b5 a6 42. Rb4 a5 43. Rc4 Rd2 44. Rb3 Rbd7 45. b6 1-0

[Event "Titled Tuesday intern op 25th Jul Late"]
[Site "Chess.com INT"]
[Date "2023.07.25"]
[Round "3"]
[White "Jaskolka, Tomasz"]
[Black "Rudnicki, Milosz"]
[Result "1-0"]
[WhiteElo "2238"]
[BlackElo "2163"]
[PlyCount "149"]
[EventDate "2023.07.25"]
[EventType "swiss (blitz)"]
[EventRounds "11"]
[EventCountry "USA"]
[SourceTitle "EXT 2024"]
[Source "ChessBase"]
[SourceDate "2023.10.10"]
[SourceVersion "1"]
[SourceVersionDate "2023.10.10"]
[SourceQuality "1"]

1. e4 c6 2. d4 d5 3. e5 Bf5 4. Nf3 e6 5. Nbd2 c5 6. dxc5 Bxc5 7. Nb3 Bb6 8. Bg5 Ne7 9. Nbd4 Bg6 10. h4 h6 11. Bf4 Nbc6 12. h5 Bh7 13. c3 Nxd4 14. Nxd4 0-0 15. Bd3 Bxd4 16. Bxh7+ Kxh7 17. cxd4 Qa5+ 18. Bd2 Qb6 19. Bc3 f5 20. exf6 Rxf6 21. Qc2+ Kg8 22. 0-0-0 Rc8 23. Kb1 Nf5 24. Qd3 Nd6 25. f3 Qb5 26. Ka1 Qxd3 27. Rxd3 a6 28. Kb1 b5 29. Re1 Kf7 30. a3 Nc4 31. Bb4 Rc6 32. Rc1 a5 33. Be1 a4 34. Bb4 Rf4 35. g4 g6 36. Ka2 gxh5 37. Bd2 Rf6 38. gxh5 Rf5 39. Bxh6 Rxh5 40. Bf4 Rf5 41. Bb8 Ke7 42. b3 axb3+ 43. Rxb3 Ra6 44. Rcc3 Ra5 45. Bc7 Ra7 46. Bg3 Ra5 47. Be1 Kd7 48. Rd3 Kc6 49. Bxa5 Nxa5 50. Rbc3+ Nc4 51. Rd1 Rf4 52. Re1 Kd6 53. Rd3 Kd7 54. Kb3 Kd6 55. Kb4 e5 56. Kxb5 exd4 57. Red1 Ne5 58. Rxd4 Rxf3 59. Rxd5+ Ke6 60. Rd6+ Kf5 61. a4 Rb3+ 62. Kc5 Rc3+ 63. Kb4 Rc4+ 64. Kb3 Rc7 65. Rf1+ Ke4 66. Re1+ Kf5 67. Rd5 Rb7+ 68. Kc3 Rc7+ 69. Kb4 Rc4+ 70. Kb5 Re4 71. Rxe4 Kxe4 72. Rxe5+ Kxe5 73. a5 Kd6 74. Kb6 Kd7 75. Kb7 1-0

[Event "Titled Tuesday intern op 25th Jul Late"]
[Site "Chess.com INT"]
[Date "2023.07.25"]
[Round "11"]
[White "Rudnicki, Milosz"]
[Black "Glashausser, Sho"]
[Result "1-0"]
[WhiteElo "2163"]
[BlackElo "1924"]
[PlyCount "51"]
[EventDate "2023.07.25"]
[EventType "swiss (blitz)"]
[EventRounds "11"]
[EventCountry "USA"]
[SourceTitle "EXT 2024"]
[Source "ChessBase"]
[SourceDate "2023.10.10"]
[SourceVersion "1"]
[SourceVersionDate "2023.10.10"]
[SourceQuality "1"]

1. d4 d5 2. Bf4 Nf6 3. e3 c5 4. c3 Nc6 5. Nd2 Qb6 6. Qb3 c4 7. Qxb6 axb6 8. e4 Nxe4 9. Nxe4 dxe4 10. Bxc4 Bf5 11. f3 e6 12. fxe4 Bxe4 13. Nf3 Be7 14. 0-0 0-0 15. Rae1 Bd5 16. Bxd5 exd5 17. a3 Rfe8 18. Bc7 b5 19. Ne5 Bf6 20. Nd3 Rac8 21. Bb6 Re6 22. Nf4 Rxe1 23. Rxe1 Ne7 24. Bc5 Ng6 25. Nxd5 Bd8 26. Re8+ 1-0

[Event "Titled Tuesday intern op 18th Jul Late"]
[Site "Chess.com INT"]
[Date "2023.07.18"]
[Round "2"]
[White "Sjugirov, Sanan"]
[Black "Rudnicki, Milosz"]
[Result "1-0"]
[WhiteElo "2699"]
[BlackElo "2163"]
[PlyCount "33"]
[EventDate "2023.07.18"]
[EventType "swiss (blitz)"]
[EventRounds "11"]
[EventCountry "USA"]
[SourceTitle "EXT 2024"]
[Source "ChessBase"]
[SourceDate "2023.10.10"]
[SourceVersion "1"]
[SourceVersionDate "2023.10.10"]
[SourceQuality "1"]

1. e4 c5 2. Nf3 Nc6 3. Bb5 d6 4. 0-0 Bd7 5. Re1 e5 6. c3 Be7 7. d4 cxd4 8. cxd4 Nxd4 9. Bxd7+ Qxd7 10. Nxd4 exd4 11. Qxd4 Bf6 12. Qd3 Ne7 13. Nc3 0-0 14. e5 Bh4 15. g3 Qg4 16. Re4 Qg6 17. Qxd6 1-0

[Event "Titled Tuesday intern op 27th Jun Late"]
[Site "Chess.com INT"]
[Date "2023.06.27"]
[Round "4"]
[White "Martinez Lopez, David"]
[Black "Rudnicki, Milosz"]
[Result "1-0"]
[WhiteElo "2386"]
[BlackElo "2163"]
[PlyCount "61"]
[EventDate "2023.06.27"]
[EventType "swiss (blitz)"]
[EventRounds "11"]
[EventCountry "USA"]
[SourceTitle "EXT 2024"]
[Source "ChessBase"]
[SourceDate "2023.10.10"]
[SourceVersion "1"]
[SourceVersionDate "2023.10.10"]
[SourceQuality "1"]

1. e4 c5 2. Nf3 Nc6 3. Nc3 g6 4. d4 cxd4 5. Nxd4 Bg7 6. Be3 Nf6 7. Bc4 0-0 8. Bb3 d5 9. exd5 Na5 10. Nf3 Nxb3 11. axb3 Ng4 12. Bd4 e5 13. dxe6 Bxe6 14. Bxg7 Kxg7 15. h3 Nh6 16. 0-0 Nf5 17. Re1 a6 18. Qe2 Kg8 19. Rad1 Qc7 20. Ng5 Rfe8 21. Nce4 Kg7 22. c4 h6 23. Nf3 b5 24. Qc2 bxc4 25. Qc3+ Kf8 26. Qh8+ Ke7 27. Qf6+ Kf8 28. Ne5 Kg8 29. Ng4 Kh7 30. Qc3 h5 31. Nef6+ 1-0

[Event "Titled Tuesday intern op 27th Jun Late"]
[Site "Chess.com INT"]
[Date "2023.06.27"]
[Round "1"]
[White "Rudnicki, Milosz"]
[Black "Laurent Paoli, Pierre"]
[Result "0-1"]
[WhiteElo "2163"]
[BlackElo "2552"]
[PlyCount "118"]
[EventDate "2023.06.27"]
[EventType "swiss (blitz)"]
[EventRounds "11"]
[EventCountry "USA"]
[SourceTitle "EXT 2024"]
[Source "ChessBase"]
[SourceDate "2023.10.10"]
[SourceVersion "1"]
[SourceVersionDate "2023.10.10"]
[SourceQuality "1"]

1. d4 Nf6 2. Bf4 d6 3. e3 Nbd7 4. h3 e5 5. dxe5 dxe5 6. Bg3 Ne4 7. Bh2 Qh4 8. Qf3 Nef6 9. c3 Qa4 10. b3 Qa5 11. Bc4 Bd6 12. e4 0-0 13. Ne2 Qb6 14. 0-0 Nc5 15. Nd2 Ne6 16. Ng3 Ng5 17. Qe2 Bxh3 18. gxh3 Nxh3+ 19. Kh1 Nf4 20. Qf3 g6 21. Rg1 Kh8 22. Ne2 N6h5 23. Nxf4 Nxf4 24. Bxf4 exf4 25. Rg5 Rad8 26. Bd5 c6 27. Nc4 Qc7 28. Nxd6 Qxd6 29. Bc4 Qf6 30. Rag1 Rd2 31. R5g4 Rxa2 32. Rxf4 Qe7 33. Rg3 Kg7 34. Kh2 b5 35. Bd3 Qe5 36. Rh4 Qxc3 37. Rgh3 h5 38. Rg3 Qe5 39. Qe3 Qf6 40. Kg2 Qxh4 41. e5 Qe7 42. Qf4 Qe6 43. Re3 Qd5+ 44. Be4 Qe6 45. Rf3 Re8 46. Re3 Ra6 47. Bd3 c5 48. Bxb5 Rb6 49. Bc4 Qg4+ 50. Qxg4 hxg4 51. Kg3 Re7 52. Kxg4 Rb4 53. Kf4 a5 54. Rd3 a4 55. Ke3 Rxe5+ 56. Kd2 axb3 57. Bxb3 c4 58. Rd4 Rxb3 59. Rxc4 Rf3 0-1

[Event "Titled Tuesday intern op 27th Jun Late"]
[Site "Chess.com INT"]
[Date "2023.06.27"]
[Round "7"]
[White "Yeritsyan, Hayk"]
[Black "Rudnicki, Milosz"]
[Result "0-1"]
[WhiteElo "2241"]
[BlackElo "2163"]
[PlyCount "50"]
[EventDate "2023.06.27"]
[EventType "swiss (blitz)"]
[EventRounds "11"]
[EventCountry "USA"]
[SourceTitle "EXT 2024"]
[Source "ChessBase"]
[SourceDate "2023.10.10"]
[SourceVersion "1"]
[SourceVersionDate "2023.10.10"]
[SourceQuality "1"]

1. d4 d5 2. Nf3 Nf6 3. e3 c6 4. Bd3 Bg4 5. Nbd2 e6 6. c3 Be7 7. e4 dxe4 8. Nxe4 Nbd7 9. Bf4 Nxe4 10. Bxe4 Nf6 11. Bd3 Bd6 12. Bxd6 Qxd6 13. Be2 0-0 14. 0-0 Rfd8 15. Re1 c5 16. dxc5 Qxc5 17. Qb3 b6 18. Rad1 Qh5 19. h3 Bf5 20. Nd4 Qg6 21. Bf3 Rac8 22. Nc6 Re8 23. Nxa7 Bc2 24. Qb4 Bxd1 25. Nxc8 Bxf3 0-1